| 000 | 02304cam a22004814i 4500 | ||
|---|---|---|---|
| 003 | PE-LiUPU | ||
| 005 | 20250731173338.0 | ||
| 008 | 150706s2007 enka rb 000 0 eng d | ||
| 020 | _a9780567031938 | ||
| 035 | _a(Sirsi) i9780567031938 | ||
| 040 |
_aPE-LiUPU _bspa _cPE-LiUPU _erda |
||
| 049 | _aPRUA | ||
| 082 | 0 | 4 |
_a231.04409015 _bD97 _221 |
| 100 | 1 |
_aDünzl, Franz, _eautor. |
|
| 245 | 1 | 2 |
_aA brief history of the doctrine of the trinity in the early church / _cFranz Dünzl. |
| 264 | 1 |
_aLondon : _bT and T Clark, _c2007. |
|
| 300 |
_a148 páginas : _bilustraciones ; _c22 centímetros |
||
| 336 |
_atext _2rdacontent |
||
| 337 |
_aunmediated _2rdamedia |
||
| 338 |
_avolume _2rdacarrier |
||
| 504 | _aIncluye bibliografía. | ||
| 505 | 0 | _aThe Beginnings of Christology -- First Models of the relationship between "Father" and "Son" -- The Controversy Between Logos Theologians and Monarchians -- The Concern of Arius of Alexandria and the reaction of his Opponents -- The intervention of Emperor Constantine and the Council of Nicaea -- The development in the period after the Council -- The Theological Split in the Empire -- Serdica - the Failed Imperial Council -- Constantius II and the Quest for a Theological Compromise -- The Assembling of the Neo-Nicenes -- The Question of the Holy Spirit -- The Council of Constantinople and the agreement with the West -- Prospect. | |
| 526 | _aSEG42 | ||
| 526 | _aSEG41 | ||
| 526 | _aSEG40 | ||
| 526 | _aSEG39 | ||
| 526 | _aP94 | ||
| 526 | _aP87 | ||
| 526 | _aP86 | ||
| 526 | _aP85 | ||
| 526 | _aP77 | ||
| 526 | _aP76 | ||
| 526 | _aP35 | ||
| 541 | _g20081126230934D47324; | ||
| 650 | 1 | 4 |
_aTrinidad _xHistoria de las doctrinas _yIglesia priimitiva, ca. 30-600. |
| 700 | 1 |
_aBowden, John, _etraductor. |
|
| 910 |
_agl _bjv _clch _d20090816 |
||
| 942 |
_2ddc _cBOOK |
||
| 949 |
_a231.04409015 D97 _wDEWEY _c1 _i59835 _lCCODEBUL1 _mBUL _p20.00 _r0 _sY _tBOOK _u2015-7-6 _xTEOLOGIA _PP85 _0COMPRA _o.STAFF. Colección General |
||
| 994 |
_aC0 _bPEPRU |
||
| 596 | _a1 | ||
| 999 |
_a231.04409015 D97 _wDEWEY _c49369 _i59835 _f2021-11-9 _g5 _lCCODEBUL1 _mBUL _p20.00 _r0 _sY _tBOOK _u2015-7-6 _xTEOLOGIA _PP85 _0COMPRA _o.STAFF. Colección Teología _d49369 |
||
| 980 |
_81 _gALBERTO SANCHEZ Responsable de Automatización |
||